40 meistgesprochene Sprachen (anhand der Sprachfamilie) - Statistiken

Allgemein
  • Dieses Quiz wurde 3 mal gespielt
  • Das Durchschnittsergebnis liegt bei 13 aus 40
Antwortstatistiken
Rang Sprachfamilie Sprache % Korrekt
12. Indogermanische Sprachen Deutsch
100%
1. Indogermanische Sprachen Englisch
100%
6. Afroasiatische Sprachen Hocharabisch
100%
13. Japanisch-Ryūkyū Japanisch
100%
8. Indogermanische Sprachen Russisch
100%
4. Indogermanische Sprachen Spanisch
100%
17. Turksprachen Türkisch
100%
24. Indogermanische Sprachen Farsi
67%
5. Indogermanische Sprachen Französisch
67%
29. Indogermanische Sprachen Italienisch
67%
23. (isoliert) Koreanisch
67%
9. Indogermanische Sprachen Portugiesisch
67%
3. Indogermanische Sprachen Hindi
33%
11. Austronesische Sprachen Indonesisch
33%
19. Sinotibetische Sprachen Kantonesisch
33%
2. Sinotibetische Sprachen Mandarin-Chinesisch
33%
37. Indogermanische Sprachen Polnisch
33%
27. Niger-Kongo-Sprachen Swahili
33%
33. Tai-Kadai-Sprachen Thai
33%
20. Austroasiatische Sprachen Vietnamesisch
33%
26. Afroasiatische Sprachen Ägyptisch-Arabisch
0%
34. Afroasiatische Sprachen Amharisch
0%
7. Indogermanische Sprachen Bengalisch
0%
35. Indogermanische Sprachen Bhojpuri
0%
32. Indogermanische Sprachen Gujarati
0%
25. Afroasiatische Sprachen Hausa
0%
28. Austronesische Sprachen Javanisch
0%
39. Sinotibetische Sprachen Jin-Chinesisch
0%
31. Dravidische Sprachen Kannada
0%
15. Indogermanische Sprachen Marathi
0%
38. Sinotibetische Sprachen Min Nan Chinesisch
0%
14. Kreolsprache Nigerianisches Pidgin
0%
36. Indogermanische Sprachen Ostpanjabi
0%
21. Austronesische Sprachen Tagalog
0%
18. Dravidische Sprachen Tamil
0%
16. Dravidische Sprachen Telugu
0%
10. Indogermanische Sprachen Urdu
0%
30. Indogermanische Sprachen Westpanjabi
0%
22. Sinotibetische Sprachen Wu-Chinesisch
0%
40. Niger-Kongo-Sprachen Yoruba
0%
Keine übereinstimmenden Quizze gefunden
Verteilung der Resultate
Anzahl Personen mit jedem Resultat
Perzentil nach korrekt beantworteten Fragen
Ihre Resultats-Entwicklung
Sie haben dieses Quiz noch nicht gespielt